000 02642nem0a2200433 4500
001 RU\NLR\BIBL_A\011326744
005 20260409080845.0
035 _a(NLR Aleph) 011326744
090 _a11112197
_c11112197
100 _a20170215d1936 |||y0rusy50 ca
101 0 _arus
102 _aRU
120 _abyy xx||
123 0 _aa
135 _acrcn 024anaba
135 _acrcn 024anaba
135 _acrcn 024anaba
200 1 _a[Карты-схемы к истории Гражданской войны]
_bКарты
206 _a[Б. м-ба]
210 _aГорький
_cПарткабинет Горьковского Горкома ВКП(б)
_d1936
215 _a6 л
_cцв.
_d68х48 см [и др.]
300 _aКарты: Гражданская война и интервенция летом 1918г.; Первый поход Антанты. Весна 1919г.; Второй поход Антанты. Осень 1919г.; Разгром Деникина. 1919г.; Третий поход Антанты. 1920г.; Ликвидация Врангеля. 1920г.
309 _aИсточник: Рабинович С.- История Гражданской войны.- Соцэкгиз, 1935
325 1 _aКопия доступна в электронной библиотеке РНБ
509 0 _8rus
_aРоссия, европейская часть
_7ca
_3RU\NLR\auth_crt\55200
_92633382
606 1 _aГражданская война и военная интервенция в России
_jКарты
_yЕвропейская часть
_z1918 - 1920
_92297991
_3RU\NLR\AUTH\6601602756
608 _aВоенно-исторические карты
_91277727
_3RU\NLR\AUTH\66208785
852 _aNLR
_bК
_j4-СЕвр 2/79
_m1920
_t1921
901 _eКартографические материалы
942 _cMAP
980 _aNB
980 _aCRT_CW
981 2 2 _a(22) Материалы по истории России
_b(22) Политика
981 2 2 _a(22) Материалы по истории России
_b(22) История России с 25 октября (7 ноября) 1917 года
981 2 2 _a(22) Материалы по истории России
_b(22) Вспомогательные исторические дисциплины
981 2 2 _a(22) Материалы по истории России
_b(22) Военное дело
981 1 9 _a(19) Картографические материалы